Mil Mujeres - Rauw Alejandro - Estadísticas

Estadísticas generales
  • Esta prueba ha sido intentada 39 veces
  • La puntuación promedio es 194 de 298
Estadísticas de respuestas
Letra % Correcto
a
100%
A
100%
Es
90%
es
90%
90%
mi
90%
mujere'
90%
no
90%
No
90%
(no
90%
de
80%
el
80%
la
80%
las
80%
Lo
80%
lo
80%
lo-
80%
Los
80%
los
80%
mil
80%
mujeres
80%
Por
80%
por
80%
que
80%
qué
80%
te
80%
(te
80%
Y
80%
(Y
80%
como
70%
Ella
70%
Me
70%
me
70%
salí
70%
se
70%
solo
70%
son
70%
ti
70%
tu
70%
¿Tú
70%
70%
70%
yo
70%
Yo
70%
Ay
60%
bandida
60%
bebé
60%
bellaco
60%
bien
60%
bueno
60%
cama
60%
decidir
60%
deja
60%
del
60%
difícil
60%
enamore'
60%
envolver
60%
esas
60%
está
60%
estar
60%
hace
60%
hacer
60%
hoy
60%
llueven
60%
manía'
60%
mentira
60%
mira
60%
mis
60%
nada
60%
nadie
60%
noche
60%
pego
60%
pone
60%
problema'
60%
puede'
60%
puede
60%
puedo
60%
quiero
60%
Tiene'
60%
todo
60%
una
60%
Aprovéchame
50%
celo'
50%
compartir
50%
dale
50%
decir
50%
desabroche
50%
llegué
50%
llevo
50%
loca
50%
luego
50%
mundo
50%
Oh
50%
oh
50%
(Oh
50%
ponen
50%
ponen)
50%
prometo
50%
Pues
50%
pues
50%
quedé
50%
subir?
50%
toda
50%
vente
50%
ya
50%
abajo
40%
aquí
40%
botón
40%
Bye
40%
bye
40%
coche
40%
Con
40%
conmigo
40%
conmigo)
40%
cristale'
40%
enamoro
40%
estás
40%
everybody)
40%
go
40%
humo
40%
let's
40%
mahón
40%
pa'l
40%
pegar
40%
Pero
40%
quieren
40%
rebelde
40%
sale
40%
todas
40%
voy
40%
vuelo
40%
eh
30%
(eh
30%
Ese
30%
estoy
30%
flore'
30%
hay)
30%
he
30%
tengo
30%
toca'o
30%
ah
20%
ustede'
20%
dije)
10%
No se encontraron pruebas coincidentes
Distribución de puntuación
Porcentaje de gente con cada puntuación
Porcentaje por número respondido
Historial de tus puntuaciones
No has intentado esta prueba.